000 00643nam a22002177a 4500
003 UA-OsUOA
001 68348
007 ta
008 20100419b un ||||| |||| 00| 0 ukr d
100 _aКостюченко О.
090 _a908
_bК72
942 _cSA
040 _aUA-OsUOA
_bukr
_cUA-OsUOA
_dUA-OsUOA
245 _aВ Острозі - про ефективне суспільство. Порція інтелектуального продукту від Богдана Гаврилишина
300 _aС.11
955 _a0
041 _aukr
080 _a908
773 0 _w68347
650 7 _a908 Краєзнавство
_2UDC
999 _c354588
_d354588